Muir Group Housing Association Ltd v Thornley and another (Record no. 40894)

MARC details
000 -LEADER
fixed length control field 01641cab a2200253 4500
001 - CONTROL NUMBER
control field ABS48229
008 - FIXED-LENGTH DATA ELEMENTS--GENERAL INFORMATION
fixed length control field 090401t1993 xxu||||| |||| 00| 0 eng d
035 ## - SYSTEM CONTROL NUMBER
System control number (Sirsi) u65569
041 ## - LANGUAGE CODE
Language code of text/sound track or separate title eng
245 ## - TITLE STATEMENT
Title Muir Group Housing Association Ltd v Thornley and another
260 ## - PUBLICATION, DISTRIBUTION, ETC.
Date of publication, distribution, etc. 1993
350 ## - PRICE (NR) (BK AM CF MU VM SE) [OBSOLETE]
Price 0
490 ## - SERIES STATEMENT
Series statement Estates Gazette
Volume/sequential designation (1993) 10 EG 144-148(5)
520 ## - SUMMARY, ETC.
Summary, etc. CA 8 October 1992. In June 1980 the appellant freeholder, M, granted the respondents, T, a monthly tenancy of a house. For the purposes of the Housing Act 1985 this was a secure tenancy. In May 1989 T served a notice on M claiming to exercise the right to buy the freehold of the house. M sent a notice admitting this and in December T received a written notice of the proposed terms of sale. All matters were agreed and completion was due on 31 August 1991. It did not take place because M discovered that in August 1989 T had moved out of the house to take up a three year post as warden of a girl guide hostel and in October 1989 he had sublet the house on an assured shorthold tenancy at a profit rent. This subletting was a breach of the 1980 agreement and had the statutory effect of the tenancy ceasing to be secure. M informed T that the sale could not proceed and sent a notice to quit expiring on 31 December. The house was not vacated and possession proceedings were started on the groun
650 ## - SUBJECT ADDED ENTRY--TOPICAL TERM
Topical term or geographic name entry element FEE SIMPLE
650 ## - SUBJECT ADDED ENTRY--TOPICAL TERM
Topical term or geographic name entry element HOUSING ACT 1985 S138(3)
650 ## - SUBJECT ADDED ENTRY--TOPICAL TERM
Topical term or geographic name entry element NOTICE TO QUIT
650 ## - SUBJECT ADDED ENTRY--TOPICAL TERM
Topical term or geographic name entry element POSSESSION PROCEEDINGS
650 ## - SUBJECT ADDED ENTRY--TOPICAL TERM
Topical term or geographic name entry element RIGHT TO BUY
650 ## - SUBJECT ADDED ENTRY--TOPICAL TERM
Topical term or geographic name entry element SECURE TENANCY
690 ## - LOCAL SUBJECT ADDED ENTRY--TOPICAL TERM (OCLC, RLIN)
Topical term or geographic name as entry element HOUSING-CASE LAW
942 ## - ADDED ENTRY ELEMENTS (KOHA)
Suppress in OPAC 0
948 ## - LOCAL PROCESSING INFORMATION (OCLC); SERIES PART DESIGNATOR (RLIN)
c (OCLC) 04/03/1997
Holdings
Withdrawn status Lost status Source of classification or shelving scheme Damaged status Not for loan Home library Current library Shelving location Date acquired Total Checkouts Full call number Barcode Date last seen Copy number Price effective from Koha item type
    Dewey Decimal Classification     London London Journal article 14/09/1999   ABS48229 65569-1001 06/08/2019 1 06/08/2019 Law report